Mappa del Mondo senza 12 Paesi #2 - Statistics

Statistiche generali
  • Questo quiz è stato fatto 359 volte
  • Il punteggio medio è 10 su 12
Risposte nella Mappa
Le risposte nella mappa del quiz sottostante sono codificate secondo una scala di colori dal rosso al verde in base alla % di persone che hanno risposto correttamente.
 
Statistiche sulle risposte
nazione % Corretto
Australia
98%
Panama
95%
Portogallo
91%
Corea del Nord
87%
Marocco
87%
Grecia
86%
Georgia
74%
Armenia
71%
Islanda
71%
Cuba
69%
Malesia
63%
Vietnam
62%
Nessun quiz corrispondente trovato
Distribuzione punteggi
Percentuale di utenti per punteggio
Percentile per numero di risposta
I tuoi punteggi nel tempo
Non hai fatto questo quiz